000 00461nam a2200181Ia 4500
001 3859
005 20260306145714.0
008 260306t2007||||xx |||||||||||||| ||spa||
041 _aESP
082 _a303.69
_bA67
110 _aThe Arbinger Institute
245 0 _aDe la guerra a la paz :
_bla resolución de conflictos desde su raíz
260 _c2007
300 _a282 páginas :
_c21 cm.
650 _aGEN
654 _aCHU
942 _cLIB
_dJUS
_fJUS
_2ddc
_n
999 _c3859
_d3859